| 000 | 00888nam a2200145Ia 4500 | ||
|---|---|---|---|
| 008 | 220104s9999 xx 000 0 und d | ||
| 100 | _aKoenig Horst R | ||
| 245 | 4 | _aThe animal feed industry for developing countries | |
| 520 | _aAnimal feed production for developing countries-covers (1) animal feed industry as a development factor: the utilization of agro-industrial by-products, use of agricultural residues (2) large-scale production of compound animal feed, market-orientation, feed raw materials, storage, automation, computerization (3) rural industrial production of animal feed (4) special feedstuffs and feed ingredients: oil cakes, oils and fats, rubber seed press cakes, cassava, molassses (5) economic feasibility, storage, quality control. | ||
| 650 | _aDeveloping countries | ||
| 650 | _aFeed production | ||
| 650 | _aIndustry | ||
| 650 | _aRubber seed | ||
| 942 | _cBE | ||
| 999 |
_c47576 _d47576 |
||